000 00359nam a2200133Ia 4500
005 20260328104343.0
008 260328s9999||||xx |||||||||||||| ||und||
100 _aEchavarría, Juan Jose
245 0 _aArquitectura Cultura Patrimonio /
_cJuan Jose Echavarría
260 _bBanco de la República
300 _a186 p.
650 _aARQUITECTURA
942 _cBK
999 _c12178
_d12178